000 00670nam a22002057a 4500
003 DO-SdBNP
005 20180213110905.0
008 180213b 1993 xxu a0516360019| 00| 0 spa d
020 _a0516360019
040 _aBPMSU
_bspa
_cBPMSU
082 4 _axxxx
_bxxxx
100 1 _aFowler, Allan
245 1 3 _aEl animal más grande del mundo :
_bmis primeros libros de ciencia /
_cAllan Fowler ; traducción Aída E. Marcuse
260 _aChicago, Estados Unidos :
_bChildren press,
_c1993.
300 _a32 p. :
_bil. ;
_c 18 cm.
700 1 _aE. Marcuse, Aída,
_etr.
942 _2ddc
_cBK
945 _aInventariado, 2018 / BT
956 _aBTAVAREZ
_b10
_d20180213
_fBPMSU
_h0038
999 _c13288
_d13288